[Event "ROM-ch U18"]
[Site "Calimanesti Caciulata"]
[Date "2019.04.21"]
[Round "8"]
[White "Balteanu, Luca Andrei"]
[Black "Farcadi, Hunor"]
[Result "0-1"]
[WhiteElo "1561"]
[BlackElo "2046"]
[PlyCount "66"]
[EventDate "2019.04.15"]
[EventType "swiss"]
[EventRounds "9"]
[EventCountry "ROU"]
[SourceTitle "CBM 190 Extra"]
[Source "ChessBase"]
[SourceDate "2019.07.15"]
[SourceVersion "1"]
[SourceVersionDate "2019.07.15"]
[SourceQuality "1"]

1. d4 Nf6 2. c4 g6 3. Nf3 Bg7 4. g3 0-0 5. Bg2 d6 6. 0-0 Nc6 7. Nc3 a6 8. a3 Rb8 9. Ne1 Bd7 10. b4 b5 11. c5 e5 12. d5 Ne7 13. Bb2 Ne8 14. Qc2 f5 15. e4 f4 16. f3 h5 17. Nd3 g5 18. Ne2 Ng6 19. Kf2 g4 20. Ke1 fxg3 21. hxg3 h4 22. fxg4 Rxf1+ 23. Bxf1 Bxg4 24. gxh4 Qxh4+ 25. Kd2 Nf6 26. Ne1 Bxe2 27. Bxe2 Nxe4+ 28. Kd1 Bh6 29. Bf3 Nf2+ 30. Ke2 e4 31. Kf1 Nh1 32. Ng2 Qg3 33. Qxe4 Qf2# 0-1

[Event "ROM-ch U18"]
[Site "Calimanesti Caciulata"]
[Date "2019.04.17"]
[Round "3"]
[White "Balteanu, Luca Andrei"]
[Black "Carasca, Andrei Pavel"]
[Result "1/2-1/2"]
[WhiteElo "1561"]
[BlackElo "1531"]
[PlyCount "37"]
[EventDate "2019.04.15"]
[EventType "swiss"]
[EventRounds "9"]
[EventCountry "ROU"]
[SourceTitle "CBM 190 Extra"]
[Source "ChessBase"]
[SourceDate "2019.07.15"]
[SourceVersion "1"]
[SourceVersionDate "2019.07.15"]
[SourceQuality "1"]

1. d4 d5 2. c4 e6 3. Nc3 Be7 4. Nf3 Nf6 5. Bg5 Nbd7 6. e3 0-0 7. cxd5 exd5 8. Bd3 b6 9. 0-0 Bb7 10. Rc1 c5 11. b3 Ne4 12. Bxe7 Qxe7 13. Bb5 Rac8 14. dxc5 Rxc5 15. Nxe4 Rxc1 16. Qxc1 dxe4 17. Nd4 Rc8 18. Qb2 Ne5 19. Rd1 1/2-1/2

[Event "ROM-ch U18"]
[Site "Calimanesti Caciulata"]
[Date "2019.04.17"]
[Round "4"]
[White "David, Cristian"]
[Black "Balteanu, Luca Andrei"]
[Result "1-0"]
[WhiteElo "1926"]
[BlackElo "1561"]
[PlyCount "55"]
[EventDate "2019.04.15"]
[EventType "swiss"]
[EventRounds "9"]
[EventCountry "ROU"]
[SourceTitle "CBM 190 Extra"]
[Source "ChessBase"]
[SourceDate "2019.07.15"]
[SourceVersion "1"]
[SourceVersionDate "2019.07.15"]
[SourceQuality "1"]

1. d4 Nf6 2. c4 c5 3. d5 e6 4. Nc3 exd5 5. cxd5 d6 6. e4 g6 7. Bd3 Bg7 8. Nge2 0-0 9. 0-0 Na6 10. Bg5 h6 11. Bh4 g5 12. Bg3 Nh5 13. a3 Nxg3 14. Nxg3 Nc7 15. Kh1 Rb8 16. Qd2 b5 17. Nh5 c4 18. Nxg7 Kxg7 19. Bc2 Na6 20. f4 f6 21. e5 fxe5 22. fxe5 dxe5 23. Qe2 Rxf1+ 24. Rxf1 Qe7 25. Qe4 Kh8 26. d6 Qg7 27. Rf8+ Qxf8 28. Qh7# 1-0

[Event "ROM-ch U16"]
[Site "Calimanesti"]
[Date "2018.03.30"]
[Round "5"]
[White "Butusina, Samuel"]
[Black "Balteanu, Luca Andrei"]
[Result "0-1"]
[WhiteElo "1809"]
[BlackElo "1523"]
[PlyCount "74"]
[EventDate "2018.03.27"]
[EventType "swiss"]
[EventRounds "9"]
[EventCountry "ROU"]
[SourceTitle "CBM 183 Extra"]
[Source "ChessBase"]
[SourceDate "2018.04.19"]
[SourceVersion "1"]
[SourceVersionDate "2018.04.19"]
[SourceQuality "1"]

1. b4 e5 2. a3 d5 3. e3 Nf6 4. Bb2 Bd6 5. c4 c6 6. d4 Nbd7 7. Nf3 Qe7 8. c5 Bc7 9. Be2 0-0 10. 0-0 Ne4 11. Nxe5 Nxe5 12. dxe5 Bxe5 13. Bxe5 Qxe5 14. Qd4 Qg5 15. Kh1 Bf5 16. f3 Nf6 17. Bd3 Bxd3 18. Qxd3 Rfe8 19. Re1 Re6 20. Nd2 Rae8 21. Nf1 Nd7 22. f4 Qh5 23. Ng3 Qg4 24. Qe2 Nf6 25. Qf3 Qxf3 26. gxf3 Rxe3 27. Rxe3 Rxe3 28. Kg2 g6 29. Kf2 Rc3 30. Ne2 Rc2 31. Ke3 Nh5 32. Kd3 Rb2 33. Rc1 Ra2 34. Rc3 Kg7 35. Ke3 Kf6 36. Rd3 Ra1 37. Nd4 Re1+ 0-1

[Event "ROM-ch U16"]
[Site "Calimanesti"]
[Date "2018.03.28"]
[Round "2"]
[White "Balteanu, Luca Andrei"]
[Black "Antone, Eduard Karim"]
[Result "1-0"]
[WhiteElo "1523"]
[BlackElo "1004"]
[PlyCount "99"]
[EventDate "2018.03.27"]
[EventType "swiss"]
[EventRounds "9"]
[EventCountry "ROU"]
[SourceTitle "CBM 183 Extra"]
[Source "ChessBase"]
[SourceDate "2018.04.19"]
[SourceVersion "1"]
[SourceVersionDate "2018.04.19"]
[SourceQuality "1"]

1. d4 d5 2. c4 e6 3. Nc3 Nf6 4. cxd5 Nxd5 5. e4 Nxc3 6. bxc3 c5 7. Nf3 Be7 8. Bd3 Nc6 9. 0-0 cxd4 10. cxd4 Nxd4 11. Nxd4 Qxd4 12. Bb5+ Bd7 13. Qxd4 Bxb5 14. Rd1 Rd8 15. Bf4 Rxd4 16. Rxd4 Bc5 17. Rd2 0-0 18. Rad1 Ba4 19. Rc1 b6 20. h3 Bc6 21. Re2 Rd8 22. Be3 Bxe3 23. Rxe3 Ba8 24. Rd3 Rf8 25. f3 e5 26. Rc7 a5 27. Rd6 Rb8 28. Rdd7 Rf8 29. Re7 h6 30. Rxe5 Rd8 31. Ree7 Rf8 32. Kf2 b5 33. Rc5 Rd8 34. Ke2 Rb8 35. Ra7 a4 36. Kd2 Kf8 37. Kc3 b4+ 38. Kb2 a3+ 39. Kb3 Bb7 40. Rc7 Rc8 41. Raxb7 Rxc7 42. Rxc7 Ke8 43. Kxb4 Kd8 44. Rxf7 Ke8 45. Ra7 Kd8 46. Kc5 Ke8 47. Kd6 Kf8 48. e5 Kg8 49. e6 Kf8 50. Ra8# 1-0

[Event "ROM-ch U14"]
[Site "Calimanesti Caciulata"]
[Date "2016.04.25"]
[Round "9"]
[White "Tapu, Rares Gabriel"]
[Black "Balteanu, Luca Andrei"]
[Result "1-0"]
[WhiteElo "1184"]
[BlackElo "1609"]
[PlyCount "99"]
[EventDate "2016.04.18"]
[EventType "swiss"]
[EventRounds "9"]
[EventCountry "ROU"]
[SourceTitle "CBM 172 Extra"]
[Source "ChessBase"]
[SourceDate "2016.06.21"]
[SourceVersion "1"]
[SourceVersionDate "2016.06.21"]
[SourceQuality "1"]

1. e4 c5 2. Nf3 e6 3. d4 cxd4 4. Nxd4 a6 5. Nc3 Qc7 6. Bd3 Nf6 7. Be3 Bb4 8. Nde2 Nc6 9. 0-0 b5 10. a3 Be7 11. f4 Bb7 12. Rc1 Na5 13. Ng3 Nc4 14. Bxc4 Qxc4 15. Qd4 Bc5 16. Qxc5 Rc8 17. Qxc4 Rxc4 18. e5 Ng4 19. Bd2 h5 20. h3 h4 21. Nge2 Nh6 22. b3 Rc8 23. a4 b4 24. Na2 Ke7 25. Bxb4+ Ke8 26. Nd4 Rg8 27. c4 g5 28. fxg5 Rxg5 29. Nf3 Bxf3 30. Rxf3 Rxe5 31. Re1 Rxe1+ 32. Bxe1 Rc5 33. Bxh4 Nf5 34. Bf2 Re5 35. g4 Ne7 36. Re3 Ra5 37. Be1 Rg5 38. Bh4 Rg8 39. Bxe7 Kxe7 40. b4 f5 41. Rg3 f4 42. Rf3 e5 43. c5 Rc8 44. Nc3 a5 45. bxa5 Rxc5 46. Nb5 Rc6 47. Rc3 Ra6 48. Rc5 Ke6 49. Nc7+ Kd6 50. Nxa6 1-0

[Event "ROM-ch U14"]
[Site "Calimanesti Caciulata"]
[Date "2016.04.21"]
[Round "4"]
[White "Filat, Nicolae"]
[Black "Balteanu, Luca Andrei"]
[Result "0-1"]
[WhiteElo "1544"]
[BlackElo "1609"]
[PlyCount "64"]
[EventDate "2016.04.18"]
[EventType "swiss"]
[EventRounds "9"]
[EventCountry "ROU"]
[SourceTitle "CBM 172 Extra"]
[Source "ChessBase"]
[SourceDate "2016.06.21"]
[SourceVersion "1"]
[SourceVersionDate "2016.06.21"]
[SourceQuality "1"]

1. d4 f5 2. Nf3 Nf6 3. g3 e6 4. Bg2 d5 5. 0-0 Bd6 6. c4 c6 7. Nbd2 0-0 8. Qc2 Ne4 9. Nxe4 fxe4 10. Nd2 Nd7 11. a3 Nf6 12. c5 Bc7 13. b4 Ng4 14. Nb3 e5 15. f3 Nh6 16. Bxh6 exf3 17. Bxg7 Kxg7 18. Rxf3 exd4 19. Rxf8 Qxf8 20. Rf1 Qe7 21. Qd2 Be5 22. Nxd4 Bg4 23. Nf5+ Bxf5 24. Rxf5 Re8 25. Qd3 Bb2 26. Kf2 h6 27. Rf4 Qe6 28. Bf3 Rf8 29. Rg4+ Qxg4 30. Qd2 Qd4+ 31. Qxd4+ Bxd4+ 32. e3 Bb2 0-1